00565nam a2200157Ia 4500008004100000041000800041082001500049100002300064245004100087260004300128300000900171500001700180650003000197999001700227952016300244220803s9999 xx 000 0 und d aeng a720.91 MAH aMahajan S G924148 aDaptarkhane Ani Vastusangrahalaye... aPunebVidyarathi Griha Prakashanc2007 a286p aArchitecture aHindu Architecture924149 c15298d15298 001040708Book of B ArchaBNCAbBNCAcA2d2013-11-26eMahajan S.Gg212.00l0o720.91 MAHpBNCA-BK-8618r2022-08-03 00:00:00v250.00w2013-11-26yBKzB008618